[Event "2CLB1617, Unichess'B'-Most"]
[Site "Praha"]
[Date "2017.02.12"]
[Round "8.1"]
[White "Jurcik, Martin"]
[Black "Horak, Michal"]
[Result "1/2-1/2"]
[BlackElo "2339"]
[WhiteElo "2322"]
[WhiteTeam "Unichess B"]
[BlackTeam "CHESS MOST"]
[LiveChessVersion "1.4.8"]

1. d4 {[%clk 1:30:55]} Nf6 {[%clk 1:30:56]} 2. Bg5 {[%clk 1:31:07]} g6
{[%clk 1:30:28]} 3. Bxf6 {[%clk 1:30:12]} exf6 {[%clk 1:30:53]} 4. e3
{[%clk 1:29:59]} Bg7 {[%clk 1:31:16]} 5. g3 {[%clk 1:29:49]} O-O {[%clk 1:31:27]}
6. Bg2 {[%clk 1:30:10]} f5 {[%clk 1:31:12]} 7. Ne2 {[%clk 1:29:48]} d6
{[%clk 1:31:31]} 8. O-O {[%clk 1:29:17]} Nd7 {[%clk 1:31:16]} 9. c4
{[%clk 1:28:13]} Nf6 {[%clk 1:30:00]} 10. Nbc3 {[%clk 1:27:40]} Re8
{[%clk 1:29:21]} 11. b4 {[%clk 1:23:58]} c6 {[%clk 1:22:35]} 12. b5
{[%clk 1:13:44]} Bd7 {[%clk 1:15:18]} 13. Rb1 {[%clk 1:11:35]} Qc7
{[%clk 1:12:38]} 14. Qd3 {[%clk 1:05:42]} Rad8 {[%clk 1:10:23]} 15. Rfc1
{[%clk 1:04:49]} Bh6 {[%clk 0:58:45]} 16. bxc6 {[%clk 0:58:16]} bxc6
{[%clk 0:58:10]} 17. d5 {[%clk 0:53:41]} c5 {[%clk 0:56:50]} 18. Nb5
{[%clk 0:50:31]} Bxb5 {[%clk 0:56:08]} 19. Rxb5 {[%clk 0:50:53]} Re7
{[%clk 0:53:00]} 20. Rcb1 {[%clk 0:48:13]} Rde8 {[%clk 0:43:34]} 21. Nf4
{[%clk 0:45:42]} Qc8 {[%clk 0:32:57]} 22. Qa3 {[%clk 0:34:21]} g5
{[%clk 0:25:07]} 23. Nd3 {[%clk 0:29:53]} f4 {[%clk 0:23:51]} 24. exf4
{[%clk 0:26:45]} gxf4 {[%clk 0:24:03]} 25. Nxf4 {[%clk 0:26:26]} Bxf4
{[%clk 0:19:31]} 26. gxf4 {[%clk 0:26:51]} Nh5 {[%clk 0:18:38]} 27. Kf1
{[%clk 0:20:53]} Qf5 {[%clk 0:16:41]} 28. Qf3 {[%clk 0:06:03]} Nxf4
{[%clk 0:13:54]} 29. R5b3 {[%clk 0:06:20]} Kf8 {[%clk 0:11:44]} 30. Bh3
{[%clk 0:05:16]} Qf6 {[%clk 0:10:59]} 31. Re3 {[%clk 0:03:21]} Rxe3
{[%clk 0:07:57]} 32. fxe3 {[%clk 0:03:40]} Nxd5 {[%clk 0:08:13]} 33. Qxf6
{[%clk 0:02:47]} Nxf6 {[%clk 0:08:37]} 34. Ke2 {[%clk 0:00:37]} d5
{[%clk 0:08:06]} 35. Rf1 {[%clk 0:00:35]} d4 {[%clk 0:07:28]} 36. Rf3
{[%clk 0:01:03]} Ne4 {[%clk 0:06:36]} 37. Bf5 {[%clk 0:00:48]} Nc3+
{[%clk 0:05:34]} 38. Kd3 {[%clk 0:01:14]} dxe3 {[%clk 0:05:20]} 39. Rxe3
{[%clk 0:00:57]} Rxe3+ {[%clk 0:05:32]} 40. Kxe3 {[%clk 0:01:26]} h6
{[%clk 0:04:33]} 41. a3 {[%clk 0:01:27]} Ke7 {[%clk 0:04:41]} 42. Bc2
{[%clk 0:01:48]} f5 {[%clk 0:25:32]} 43. Kd2 {[%clk 0:28:52]} Ne4+
{[%clk 0:23:34]} 44. Bxe4 {[%clk 0:29:15]} fxe4 {[%clk 0:24:01]} 45. Ke3
{[%clk 0:29:40]} Kd6 {[%clk 0:24:14]} 46. Kxe4 {[%clk 0:30:04]} Ke6
{[%clk 0:24:43]} 47. a4 {[%clk 0:24:17]} h5 {[%clk 0:23:38]} 48. h4
{[%clk 0:20:10]} a5 {[%clk 0:23:50]} 49. Kf4 {[%clk 0:20:36]} Kf6
{[%clk 0:24:16]} 50. Ke4 {[%clk 0:21:03]} Ke6 {[%clk 0:24:42]} 51. Kf4
{[%clk 0:21:29]} Kf6 {[%clk 0:25:08]} 1/2-1/2

[Event "2CLB1617, Unichess'B'-Most"]
[Site "Praha"]
[Date "2017.02.12"]
[Round "8.2"]
[White "Hrbolka, Ladislav"]
[Black "Kovar, Vojtech"]
[Result "1-0"]
[BlackElo "2335"]
[WhiteElo "2240"]
[WhiteTeam "CHESS MOST"]
[BlackTeam "Unichess B"]
[LiveChessVersion "1.4.8"]

1. e4 {[%clk 1:30:55]} e5 {[%clk 1:30:39]} 2. Nf3 {[%clk 1:31:04]} Nc6
{[%clk 1:31:07]} 3. Bb5 {[%clk 1:31:03]} a6 {[%clk 1:29:12]} 4. Ba4
{[%clk 1:31:15]} Nf6 {[%clk 1:29:26]} 5. d3 {[%clk 1:30:31]} b5 {[%clk 1:24:01]}
6. Bb3 {[%clk 1:30:55]} Bd6 {[%clk 1:24:26]} 7. a3 {[%clk 1:25:49]} O-O
{[%clk 1:21:22]} 8. O-O Bb7 9. Bg5 h6 10. Bh4 {[%clk 0:00:00]} Be7 11. Nc3 d6 12.
Re1 Nd7 13. Bxe7 Nxe7 14. a4 b4 15. Ne2 Kh7 16. Ng3 Nc5 17. Bc4 f5 18. Ng5+ Kh8
19. Nf7+ Rxf7 20. Bxf7 f4 21. Nf1 Qf8 22. Bc4 Qf6 23. c3 bxc3 24. bxc3 Rf8 25. f3
g5 26. d4 Nd7 27. a5 Ng6 28. Rb1 Bc8 29. Qd3 Nh4 30. h3 h5 31. Nh2 exd4 32. cxd4
c5 33. Red1 cxd4 34. Qxd4 Ne5 35. Be2 Qg7 36. Qf2 Qe7 37. Rb6 g4 38. hxg4 hxg4
39. fxg4 f3 40. gxf3 Bxg4 41. Rdxd6 Nhxf3+ 42. Bxf3 Qg5 43. Nxg4 Nxf3+ 44. Qxf3
Rxf3 45. Rh6+ Kg7 46. Rhg6+ Qxg6 47. Rxg6+ Kh7 48. Rg5 1-0

[Event "2CLB1617, Unichess'B'-Most"]
[Site "Praha"]
[Date "2017.02.12"]
[Round "8.3"]
[White "Kuba, Jindrich"]
[Black "Vagner, Tomas"]
[Result "0-1"]
[BlackElo "2229"]
[WhiteElo "2277"]
[WhiteTeam "Unichess B"]
[BlackTeam "CHESS MOST"]
[LiveChessVersion "1.4.8"]

1. e4 {[%clk 1:30:58]} g6 {[%clk 1:30:45]} 2. d4 {[%clk 1:31:08]} Bg7
{[%clk 1:31:10]} 3. Nf3 {[%clk 1:31:20]} d6 {[%clk 1:31:32]} 4. Bc4
{[%clk 1:31:00]} Nf6 {[%clk 1:30:52]} 5. Qe2 {[%clk 1:29:10]} O-O
{[%clk 1:29:21]} 6. Nc3 {[%clk 1:26:24]} c6 {[%clk 1:26:05]} 7. e5
{[%clk 1:24:46]} dxe5 {[%clk 1:24:35]} 8. dxe5 {[%clk 1:25:11]} Nd5
{[%clk 1:24:31]} 9. Bd2 {[%clk 1:25:14]} Bg4 {[%clk 1:21:15]} 10. O-O-O
{[%clk 1:24:32]} e6 {[%clk 1:21:03]} 11. h3 {[%clk 1:11:23]} Bxf3
{[%clk 1:21:11]} 12. gxf3 {[%clk 1:11:52]} Nd7 {[%clk 1:21:06]} 13. f4
{[%clk 1:12:10]} Qh4 {[%clk 1:17:51]} 14. Qf3 {[%clk 1:11:07]} Nxe5
{[%clk 1:17:42]} 15. Qe4 {[%clk 1:06:35]} Nxc4 {[%clk 1:16:37]} 16. Qxc4
{[%clk 1:06:56]} Nxc3 {[%clk 1:16:54]} 17. Bxc3 {[%clk 1:05:41]} Bxc3
{[%clk 1:17:06]} 18. Qxc3 {[%clk 1:06:09]} Qxf4+ {[%clk 1:17:11]} 19. Kb1
{[%clk 1:06:38]} Rad8 {[%clk 1:16:52]} 20. Qc5 {[%clk 1:06:58]} Rxd1+
{[%clk 1:15:00]} 21. Rxd1 {[%clk 1:07:27]} Qf3 {[%clk 1:15:14]} 22. Rc1
{[%clk 1:07:49]} b6 {[%clk 1:15:24]} 23. Qe7 {[%clk 1:08:13]} a5 {[%clk 1:15:41]}
24. Qh4 {[%clk 1:08:38]} b5 {[%clk 1:15:45]} 25. a3 {[%clk 1:08:33]} c5
{[%clk 1:14:48]} 26. Re1 {[%clk 1:08:30]} c4 {[%clk 1:13:21]} 27. Qg3 Qxg3
{[%clk 1:13:20]} 28. fxg3 {[%clk 1:08:44]} Rd8 {[%clk 1:13:33]} 29. Re4
{[%clk 1:07:15]} a4 {[%clk 1:12:51]} 30. Kc1 {[%clk 1:05:26]} Rd5
{[%clk 1:13:00]} 31. Re3 {[%clk 1:05:36]} h5 {[%clk 1:13:17]} 32. h4
{[%clk 1:05:52]} e5 {[%clk 1:13:24]} 33. b3 {[%clk 1:06:11]} axb3
{[%clk 1:13:19]} 34. cxb3 {[%clk 1:05:58]} cxb3 {[%clk 1:12:15]} 35. Rxb3
{[%clk 1:06:27]} f5 {[%clk 1:12:16]} 36. Rc3 {[%clk 1:06:52]} e4 {[%clk 1:12:16]}
37. Rc6 {[%clk 1:05:42]} Kf7 {[%clk 1:12:19]} 38. Rc7+ {[%clk 1:06:06]} Kf6
{[%clk 1:12:37]} 39. Rc6+ {[%clk 1:06:30]} Ke5 {[%clk 1:12:21]} 40. Rxg6
{[%clk 1:06:38]} e3 {[%clk 1:12:41]} 41. Rg8 Ke4 42. Kc2 {[%clk 1:06:18]} Kf3
{[%clk 1:12:51]} 0-1

[Event "2CLB1617, Unichess'B'-Most"]
[Site "Praha"]
[Date "2017.02.12"]
[Round "8.4"]
[White "Horak, Ales"]
[Black "Skara, Vladimir"]
[Result "0-1"]
[BlackElo "2250"]
[WhiteElo "2163"]
[WhiteTeam "CHESS MOST"]
[BlackTeam "Unichess B"]
[LiveChessVersion "1.4.8"]

1. e4 {[%clk 1:30:52]} e6 {[%clk 1:30:55]} 2. d4 {[%clk 1:30:50]} d5
{[%clk 1:31:20]} 3. Nd2 {[%clk 1:30:46]} Nf6 {[%clk 1:31:25]} 4. e5
{[%clk 1:30:36]} Nfd7 {[%clk 1:31:50]} 5. Bd3 {[%clk 1:29:28]} c5
{[%clk 1:32:16]} 6. c3 {[%clk 1:29:08]} Nc6 {[%clk 1:32:38]} 7. Ne2
{[%clk 1:29:00]} cxd4 {[%clk 1:33:04]} 8. cxd4 {[%clk 1:29:20]} f6
{[%clk 1:33:30]} 9. Nf4 {[%clk 1:26:18]} Nxd4 {[%clk 1:28:11]} 10. Qh5+
{[%clk 1:26:22]} Ke7 {[%clk 1:28:37]} 11. Ng6+ {[%clk 1:26:15]} hxg6
{[%clk 1:29:00]} 12. exf6+ {[%clk 1:26:37]} Kxf6 {[%clk 1:28:56]} 13. Qxh8
{[%clk 1:24:49]} Kf7 {[%clk 1:29:23]} 14. O-O {[%clk 1:22:45]} Nc5
{[%clk 1:26:45]} 15. Bb1 {[%clk 1:20:38]} Bd7 {[%clk 1:27:11]} 16. Nf3
{[%clk 1:10:52]} Nxf3+ {[%clk 1:27:07]} 17. gxf3 {[%clk 1:11:06]} Qf6
{[%clk 1:27:27]} 18. Qh3 {[%clk 1:10:49]} Bd6 {[%clk 1:26:52]} 19. Kh1
{[%clk 1:08:03]} e5 {[%clk 1:26:37]} 20. Qg2 {[%clk 1:08:12]} e4 {[%clk 1:25:37]}
21. fxe4 {[%clk 1:07:44]} dxe4 {[%clk 1:25:50]} 22. Qg5 {[%clk 1:00:12]} Qf3+
{[%clk 1:18:50]} 23. Qg2 {[%clk 0:56:57]} Bg4 {[%clk 1:13:49]} 24. Bg5
{[%clk 0:53:51]} Qxg2+ {[%clk 1:11:30]} 25. Kxg2 {[%clk 0:54:07]} Bf3+
{[%clk 1:11:58]} 26. Kg1 {[%clk 0:53:57]} Rh8 {[%clk 1:12:27]} 27. h4
{[%clk 0:53:18]} Ne6 {[%clk 1:12:54]} 28. Bxe4 {[%clk 0:53:09]} Bxe4
{[%clk 1:04:06]} 29. f3 {[%clk 0:52:19]} Bc6 {[%clk 1:02:49]} 30. Rad1
{[%clk 0:46:05]} Bc5+ {[%clk 1:03:00]} 31. Kg2 {[%clk 0:45:26]} Nxg5
{[%clk 1:03:24]} 32. hxg5 {[%clk 0:45:05]} Rh5 {[%clk 1:03:51]} 33. Kg3
{[%clk 0:44:40]} Rxg5+ {[%clk 1:04:11]} 34. Kf4 {[%clk 0:45:02]} Rf5+
{[%clk 1:03:57]} 35. Kg4 {[%clk 0:45:24]} Be3 {[%clk 1:01:31]} 36. Rde1
{[%clk 0:43:01]} Rg5+ {[%clk 0:59:25]} 37. Kh4 {[%clk 0:43:12]} Bf4
{[%clk 0:57:40]} 38. Rd1 {[%clk 0:43:28]} Rg2 {[%clk 0:57:33]} 0-1

[Event "2CLB1617, Unichess'B'-Most"]
[Site "Praha"]
[Date "2017.02.12"]
[Round "8.5"]
[White "Shanel, Jaroslav"]
[Black "Horak, Jiri"]
[Result "1-0"]
[BlackElo "2196"]
[WhiteElo "2162"]
[WhiteTeam "Unichess B"]
[BlackTeam "CHESS MOST"]
[LiveChessVersion "1.4.8"]

1. e4 {[%clk 1:30:54]} e5 {[%clk 1:30:46]} 2. Nf3 {[%clk 1:29:39]} Nc6
{[%clk 1:31:09]} 3. Bb5 {[%clk 1:30:05]} a6 {[%clk 1:31:34]} 4. Ba4
{[%clk 1:30:32]} Nf6 {[%clk 1:31:59]} 5. O-O {[%clk 1:30:59]} b5 {[%clk 1:31:59]}
6. Bb3 {[%clk 1:31:20]} Be7 {[%clk 1:32:24]} 7. d4 {[%clk 1:23:46]} exd4
{[%clk 1:29:31]} 8. e5 {[%clk 1:23:33]} Ne4 {[%clk 1:24:19]} 9. Bd5
{[%clk 1:23:50]} Nc5 {[%clk 1:24:40]} 10. Nxd4 {[%clk 1:24:16]} Bb7
{[%clk 1:23:01]} 11. Nf5 {[%clk 1:21:05]} O-O {[%clk 1:22:21]} 12. Qg4
{[%clk 1:20:21]} g6 {[%clk 1:22:44]} 13. Re1 {[%clk 1:09:33]} Ne6
{[%clk 1:11:38]} 14. Qg3 {[%clk 0:48:18]} Rb8 {[%clk 1:06:01]} 15. Bh6
{[%clk 0:40:36]} Re8 {[%clk 1:00:04]} 16. Nc3 {[%clk 0:35:11]} Ncd4
{[%clk 0:55:18]} 17. Nxe7+ {[%clk 0:32:40]} Qxe7 {[%clk 0:55:31]} 18. Bxb7
{[%clk 0:32:52]} Rxb7 {[%clk 0:50:00]} 19. Nd5 {[%clk 0:33:06]} Qd8
{[%clk 0:49:48]} 20. Nf6+ {[%clk 0:32:51]} Kh8 {[%clk 0:50:12]} 21. Nxe8
{[%clk 0:32:34]} Qxe8 {[%clk 0:50:35]} 22. Qd3 {[%clk 0:24:26]} c5
{[%clk 0:46:41]} 23. Be3 {[%clk 0:21:45]} Nf5 {[%clk 0:44:47]} 24. Qe4
{[%clk 0:20:27]} Rc7 {[%clk 0:44:24]} 25. g4 {[%clk 0:20:19]} Nxe3
{[%clk 0:41:21]} 26. Rxe3 {[%clk 0:18:35]} Kg7 {[%clk 0:40:41]} 27. f4
{[%clk 0:17:54]} Rc6 {[%clk 0:38:20]} 28. f5 {[%clk 0:17:00]} Nd8
{[%clk 0:37:36]} 29. Rd1 {[%clk 0:17:08]} Kg8 {[%clk 0:37:16]} 30. Rd6
{[%clk 0:16:40]} Qe7 {[%clk 0:35:26]} 31. Qf4 {[%clk 0:12:15]} c4
{[%clk 0:31:15]} 32. Qd4 {[%clk 0:11:30]} Rc7 {[%clk 0:31:18]} 33. Rxa6
{[%clk 0:11:02]} h5 {[%clk 0:26:28]} 34. Rf6 {[%clk 0:09:09]} Rc6
{[%clk 0:24:34]} 35. gxh5 {[%clk 0:09:30]} gxf5 {[%clk 0:24:03]} 36. Rxc6
{[%clk 0:08:27]} dxc6 {[%clk 0:23:07]} 37. Rg3+ {[%clk 0:06:39]} Kh7
{[%clk 0:23:00]} 38. Qf4 {[%clk 0:06:58]} Qd7 {[%clk 0:21:36]} 39. Rf3
{[%clk 0:06:26]} Qd1+ {[%clk 0:20:40]} 40. Rf1 {[%clk 0:06:49]} Qxc2
{[%clk 0:20:33]} 41. Qxf5+ {[%clk 0:07:14]} Qxf5 {[%clk 0:20:55]} 42. Rxf5
{[%clk 0:07:42]} Kg7 {[%clk 0:20:18]} 43. Kf2 {[%clk 0:03:32]} Ne6
{[%clk 0:19:56]} 44. h6+ {[%clk 0:03:32]} Kxh6 {[%clk 0:20:16]} 45. Rxf7
{[%clk 0:03:59]} Kg5 {[%clk 0:19:45]} 46. Ke3 {[%clk 0:01:08]} Nc5
{[%clk 0:15:54]} 47. Rf6 {[%clk 0:28:44]} Nd3 {[%clk 0:46:03]} 48. Rxc6
{[%clk 0:28:27]} Nxb2 {[%clk 0:45:45]} 49. Rb6 {[%clk 0:28:48]} c3
{[%clk 0:43:40]} 50. e6 {[%clk 0:19:53]} Kf6 {[%clk 0:43:38]} 51. e7+
{[%clk 0:19:36]} Kxe7 {[%clk 0:44:03]} 52. Rxb5 {[%clk 0:20:03]} Kd6
{[%clk 0:39:14]} 53. Rh5 {[%clk 0:18:27]} Kc6 {[%clk 0:38:45]} 54. h4
{[%clk 0:18:40]} Kb6 {[%clk 0:39:10]} 55. Rg5 {[%clk 0:18:50]} 1-0

[Event "2CLB1617, Unichess'B'-Most"]
[Site "Praha"]
[Date "2017.02.12"]
[Round "8.6"]
[White "Hrbolka, Ladislav"]
[Black "Jascenko, Olga"]
[Result "1/2-1/2"]
[BlackElo "2117"]
[WhiteElo "2131"]
[WhiteTeam "CHESS MOST"]
[BlackTeam "Unichess B"]
[LiveChessVersion "1.4.8"]

1. d4 {[%clk 1:30:57]} Nf6 {[%clk 1:30:53]} 2. c4 {[%clk 1:31:21]} e6
{[%clk 1:31:18]} 3. Nf3 {[%clk 1:31:44]} Bb4+ {[%clk 1:31:44]} 4. Nbd2
{[%clk 1:32:11]} O-O {[%clk 1:27:53]} 5. a3 {[%clk 1:32:26]} Be7 {[%clk 1:27:07]}
6. e4 {[%clk 1:32:44]} d5 {[%clk 1:22:55]} 7. e5 {[%clk 1:31:42]} Nfd7
{[%clk 1:22:26]} 8. Bd3 {[%clk 1:30:36]} Re8 {[%clk 1:18:18]} 9. h4
{[%clk 1:22:23]} Nf8 {[%clk 1:13:49]} 10. h5 {[%clk 1:21:31]} b6 {[%clk 1:08:28]}
11. b4 {[%clk 1:12:26]} c5 {[%clk 1:04:04]} 12. bxc5 {[%clk 1:03:06]} bxc5
{[%clk 1:04:13]} 13. dxc5 {[%clk 0:57:09]} Ba6 {[%clk 0:49:32]} 14. O-O
{[%clk 0:52:09]} Nbd7 {[%clk 0:48:16]} 15. c6 {[%clk 0:49:55]} Nc5
{[%clk 0:44:43]} 16. Be2 {[%clk 0:50:15]} d4 {[%clk 0:41:54]} 17. Re1
{[%clk 0:50:07]} d3 {[%clk 0:38:57]} 18. Bf1 {[%clk 0:50:30]} Qb6
{[%clk 0:37:31]} 19. Nd4 {[%clk 0:42:11]} Red8 {[%clk 0:36:02]} 20. Rb1
{[%clk 0:38:09]} Qc7 {[%clk 0:34:33]} 21. Bb2 {[%clk 0:36:57]} Rab8
{[%clk 0:32:31]} 22. Ba1 {[%clk 0:34:16]} Rxb1 {[%clk 0:27:15]} 23. Qxb1
{[%clk 0:34:36]} Rb8 {[%clk 0:27:30]} 24. Qa2 {[%clk 0:30:27]} g6
{[%clk 0:22:45]} 25. hxg6 {[%clk 0:19:57]} Nxg6 {[%clk 0:22:47]} 26. g3
{[%clk 0:17:16]} h5 {[%clk 0:18:31]} 27. Bg2 {[%clk 0:15:50]} h4 {[%clk 0:14:32]}
28. a4 {[%clk 0:15:57]} hxg3 {[%clk 0:13:29]} 29. fxg3 {[%clk 0:16:16]} Qa5
{[%clk 0:12:37]} 30. c7 {[%clk 0:13:39]} Qxc7 {[%clk 0:10:54]} 31. Nc6
{[%clk 0:13:53]} Rc8 {[%clk 0:10:12]} 32. Nxe7+ {[%clk 0:11:25]} Qxe7
{[%clk 0:10:15]} 33. Bd4 {[%clk 0:08:39]} Qg5 {[%clk 0:06:52]} 34. Re3
{[%clk 0:08:57]} Qg4 {[%clk 0:05:08]} 35. Qa1 {[%clk 0:07:12]} Bxc4
{[%clk 0:04:22]} 36. Bxc5 {[%clk 0:06:26]} Rxc5 {[%clk 0:04:35]} 37. Ne4
{[%clk 0:06:54]} Kg7 {[%clk 0:03:13]} 38. Nxc5 {[%clk 0:07:03]} d2
{[%clk 0:03:39]} 39. Bf3 {[%clk 0:01:52]} Qxg3+ {[%clk 0:03:58]} 40. Kh1
{[%clk 0:02:21]} Qh3+ {[%clk 0:04:12]} 41. Kg1 {[%clk 0:02:48]} Qg3+
{[%clk 0:03:53]} 42. Kh1 {[%clk 0:03:12]} 1/2-1/2

[Event "2CLB1617, Unichess'B'-Most"]
[Site "Praha"]
[Date "2017.02.12"]
[Round "8.7"]
[White "Vrbata, Zbynek"]
[Black "Ksana, Vaclav"]
[Result "1-0"]
[BlackElo "2013"]
[WhiteElo "2309"]
[WhiteTeam "Unichess B"]
[BlackTeam "CHESS MOST"]
[LiveChessVersion "1.4.8"]

1. d4 {[%clk 1:30:50]} c5 {[%clk 1:30:39]} 2. d5 {[%clk 1:30:38]} Nf6
{[%clk 1:29:27]} 3. Nc3 {[%clk 1:27:29]} g6 {[%clk 1:21:23]} 4. e4
{[%clk 1:26:46]} d6 {[%clk 1:21:43]} 5. Be2 {[%clk 1:27:00]} Bg7 {[%clk 1:22:06]}
6. Nf3 {[%clk 1:27:10]} O-O {[%clk 1:22:21]} 7. Nd2 {[%clk 1:26:42]} a6
{[%clk 1:21:06]} 8. a4 {[%clk 1:26:49]} e6 {[%clk 1:17:28]} 9. Nc4
{[%clk 1:22:47]} exd5 {[%clk 1:12:55]} 10. exd5 {[%clk 1:22:53]} Nbd7
{[%clk 0:53:14]} 11. Nxd6 {[%clk 1:04:30]} Ne5 {[%clk 0:46:30]} 12. Nxc8
{[%clk 1:01:16]} Qxc8 {[%clk 0:45:34]} 13. O-O {[%clk 0:50:43]} Qf5
{[%clk 0:44:35]} 14. f4 {[%clk 0:46:29]} Neg4 {[%clk 0:42:58]} 15. h3
{[%clk 0:45:32]} Nh6 {[%clk 0:43:03]} 16. g4 {[%clk 0:40:33]} Qd7
{[%clk 0:31:30]} 17. Kg2 {[%clk 0:40:02]} Ne8 {[%clk 0:31:04]} 18. Be3
{[%clk 0:33:26]} Rc8 {[%clk 0:27:16]} 19. f5 {[%clk 0:28:30]} f6 {[%clk 0:25:15]}
20. Ne4 {[%clk 0:19:36]} Qe7 {[%clk 0:22:06]} 21. Qd3 {[%clk 0:11:23]} Nf7
{[%clk 0:19:41]} 22. c4 {[%clk 0:10:32]} Ned6 {[%clk 0:12:58]} 23. Nxd6
{[%clk 0:10:09]} Nxd6 {[%clk 0:12:19]} 24. Bf4 {[%clk 0:09:13]} g5
{[%clk 0:10:08]} 25. Bg3 {[%clk 0:08:45]} Rfe8 {[%clk 0:09:22]} 26. Bf3
{[%clk 0:08:59]} Bf8 {[%clk 0:06:55]} 27. Rfe1 {[%clk 0:08:40]} 1-0

[Event "2CLB1617, Unichess'B'-Most"]
[Site "Praha"]
[Date "2017.02.12"]
[Round "8.8"]
[White "Sala, Dalibor"]
[Black "Bartos, Jan"]
[Result "1/2-1/2"]
[BlackElo "2164"]
[WhiteElo "1846"]
[WhiteTeam "CHESS MOST"]
[BlackTeam "Unichess B"]
[LiveChessVersion "1.4.8"]

1. e4 {[%clk 1:30:53]} e5 {[%clk 1:30:09]} 2. Bc4 {[%clk 1:30:34]} Nf6
{[%clk 1:30:31]} 3. Qe2 {[%clk 1:30:19]} c6 {[%clk 1:28:59]} 4. d3
{[%clk 1:29:29]} Be7 {[%clk 1:29:19]} 5. Nf3 {[%clk 1:28:50]} O-O
{[%clk 1:29:31]} 6. c3 {[%clk 1:12:54]} d6 {[%clk 1:29:37]} 7. Bb3
{[%clk 1:12:48]} Bg4 {[%clk 1:29:53]} 8. Nbd2 {[%clk 1:12:35]} Nbd7
{[%clk 1:29:55]} 9. h3 {[%clk 1:12:11]} Bh5 {[%clk 1:30:19]} 10. g4
{[%clk 1:11:16]} Bg6 {[%clk 1:30:42]} 11. Nf1 {[%clk 1:09:48]} d5
{[%clk 1:25:04]} 12. Ng3 {[%clk 1:07:16]} dxe4 {[%clk 1:23:18]} 13. dxe4
{[%clk 1:07:14]} Re8 {[%clk 1:16:18]} 14. Bd2 {[%clk 1:01:03]} Qb6
{[%clk 1:10:36]} 15. O-O-O {[%clk 0:53:57]} Bc5 {[%clk 1:00:38]} 16. Nf5
{[%clk 0:33:18]} Bxf5 {[%clk 0:55:54]} 17. gxf5 {[%clk 0:23:40]} Bxf2
{[%clk 0:55:09]} 18. Ng5 {[%clk 0:20:28]} Re7 {[%clk 0:53:43]} 19. h4
{[%clk 0:18:42]} a5 {[%clk 0:47:40]} 20. h5 {[%clk 0:16:09]} h6 {[%clk 0:47:22]}
21. Nf3 {[%clk 0:12:45]} a4 {[%clk 0:44:44]} 22. Bc2 {[%clk 0:12:55]} Kh7
{[%clk 0:41:59]} 23. Nh2 {[%clk 0:11:59]} Bc5 {[%clk 0:39:45]} 24. Ng4
{[%clk 0:06:45]} Nxg4 {[%clk 0:32:26]} 25. Qxg4 {[%clk 0:07:13]} Nf6
{[%clk 0:32:33]} 26. Qf3 {[%clk 0:04:57]} Rd7 {[%clk 0:31:29]} 27. Be1
{[%clk 0:02:29]} Be3+ {[%clk 0:30:02]} 28. Kb1 {[%clk 0:02:43]} a3
{[%clk 0:29:22]} 29. b3 {[%clk 0:03:01]} Rxd1+ {[%clk 0:29:36]} 30. Qxd1
{[%clk 0:01:56]} Rd8 {[%clk 0:25:08]} 31. Qe2 {[%clk 0:02:02]} Bf4
{[%clk 0:24:47]} 32. Bd3 {[%clk 0:01:12]} Qe3 {[%clk 0:18:13]} 33. Qxe3
{[%clk 0:01:14]} Bxe3 {[%clk 0:18:42]} 34. Kc2 {[%clk 0:01:17]} Nd7
{[%clk 0:16:14]} 35. Bh4 {[%clk 0:01:03]} Bg5 {[%clk 0:15:40]} 36. Bf2
{[%clk 0:01:05]} Be7 {[%clk 0:14:56]} 37. b4 {[%clk 0:00:52]} c5 {[%clk 0:14:34]}
38. bxc5 {[%clk 0:00:34]} Nxc5 {[%clk 0:13:57]} 39. Bxc5 {[%clk 0:00:47]} Bxc5
{[%clk 0:14:25]} 40. Bc4 {[%clk 0:00:46]} Kg8 {[%clk 0:13:55]} 41. Bd5
{[%clk 0:00:55]} b6 {[%clk 0:13:45]} 42. Rd1 {[%clk 0:25:38]} Kf8
{[%clk 0:44:35]} 43. Kd3 {[%clk 0:25:22]} Ke7 {[%clk 0:44:14]} 44. Ke2
{[%clk 0:23:13]} Kf6 {[%clk 0:43:45]} 45. Bb3 {[%clk 0:16:03]} Rxd1
{[%clk 0:42:36]} 46. Kxd1 {[%clk 0:16:11]} g6 {[%clk 0:42:44]} 47. fxg6
{[%clk 0:16:10]} fxg6 {[%clk 0:42:39]} 48. hxg6 {[%clk 0:16:08]} Kxg6
{[%clk 0:43:08]} 49. Ke2 {[%clk 0:16:10]} Kg5 {[%clk 0:43:19]} 50. Kf3
{[%clk 0:16:19]} h5 {[%clk 0:43:21]} 51. Be6 {[%clk 0:13:02]} Bf8
{[%clk 0:43:13]} 52. Bf5 {[%clk 0:12:02]} Bh6 {[%clk 0:43:21]} 53. Bd7
{[%clk 0:11:39]} Kh4 {[%clk 0:41:48]} 54. Be6 {[%clk 0:11:33]} Bd2
{[%clk 0:42:09]} 55. c4 {[%clk 0:11:41]} Be1 {[%clk 0:42:08]} 56. Bd7
{[%clk 0:11:34]} Kg5 {[%clk 0:42:26]} 57. Bh3 {[%clk 0:10:53]} Kf6
{[%clk 0:42:02]} 58. Ke2 {[%clk 0:09:55]} Bb4 {[%clk 0:41:49]} 59. Kf3
{[%clk 0:09:46]} Ke7 {[%clk 0:42:00]} 60. Ke2 {[%clk 0:09:33]} Kd6
{[%clk 0:41:53]} 61. Kd3 {[%clk 0:09:36]} Kc5 {[%clk 0:42:01]} 62. Be6
{[%clk 0:09:31]} Be1 {[%clk 0:42:19]} 63. Bc8 {[%clk 0:09:25]} h4
{[%clk 0:42:35]} 64. Bg4 {[%clk 0:09:13]} Bg3 {[%clk 0:42:55]} 65. Bd7
{[%clk 0:08:44]} Bf4 {[%clk 0:43:12]} 66. Bg4 {[%clk 0:08:49]} Kb4
{[%clk 0:43:29]} 1/2-1/2